00436nam a2200157Ia 4500008004100000020001400041082001600055100001800071245002300089250000800112260004500120300002300165500001900188600002100207650005000228240925s9999 xx 000 0 und d a135289106 a005.133 DEI aDeitel , H.M 0aC++ How to Program a2nd aNew Jersey:bPrintice- Hall Int.c,1998. a343p.bNAfPirated aIncludes Index aComputer Science aComputer science, information & general works